000 00915cam a2200277 i 4500
001 42627
003 Mx-PuUPA
005 20250610121428.0
008 140415s2008 mx ad gs 000 0 spa d
040 _aMx-PuUPA
_bspa
_cMx-PuUPA
_dMx-PuUPA
_erda
041 _aspa
100 1 _aAtkins, Peter
_eautor
240 1 0 _aSilver & Atkins, Inorganic Chemistry
245 1 0 _aQuímica inorgánica
250 _aCuarta edición
264 1 _aMéxico, D.F. :
_bMcGraw-Hill/Interamericana Editores,
_c©2008
300 _a822 páginas :
_bilustraciones, gráficas ;
_c27 cm
336 _2rdacontent
_atexto
_btxt
337 _2rdamedia
_asin medio
_bn
338 _2rdacarrier
_avolumen
_bnc
700 1 _aOverton, Tina,
_eautor
700 1 _aSordo Zibay, Emilio,
_etraductor
942 _2ddc
_cLI
_hxx
_ixx
999 _c42627
_d42627